000
00259nam a22001217a 4500
008
180314b xxu||||| |||| 00| 0 eng d
041
_a
eng
080
_a
37
100
_a
25
101
_a
edu
245
_a
writing reporting news
_c
rich.c
942
_2
udc
_c
BK
999
_c
44986
_d
44986